000 00425nam a2200145Ia 4500
008 230411s9999 xx 000 0 und d
020 _a978-93-90619-21-4
041 _aeng
082 _aC/004/RAN/B09891
100 _aRandhir Priyanka
_9180179
245 _aTextbook of Health Nursing Informatics and Technology
260 _bCBS Publishers & Distributors
_aNew Delhi
_c2017
300 _a372p
999 _c158704
_d158704